000 00432nam a2200169Ia 4500
008 221030s9999 xx 000 0 und d
020 _a0070540578
041 _aEnglish
082 _a105.23
_bRob
100 _aEd. Robinsons
245 0 _aSecurity for Microsoft Visual Basic . Net
_cby Ed. Robinsons, M. J. Bond
260 _bTMH
_aNew Delhi
_c2003
300 _a396
650 _aComputers
700 _aM. J. Bond
942 _cBK
999 _c8669
_d8669